[Event "22nd Mediterranean Flowers 2022"]
[Site "Rijeka"]
[Date "2022.03.09"]
[Round "5.2"]
[White "Radikovic, Anamarija"]
[Black "Radeva, Viktoria"]
[Result "0-1"]
[WhiteElo "2121"]
[BlackElo "2261"]
[Annotator "TA"]
[PlyCount "110"]
[EventDate "2022.03.07"]
[EventType "tourn"]
[EventCountry "CRO"]
[SourceTitle "playchess.com"]
[Source "ChessBase"]
[SourceQuality "1"]

{[%evp 18,110,5,12,8,11,12,0,18,10,27,-7,31,0,43,35,63,31,31,17,27,-11,-8,-2,30,42,61,55,45,-80,-85,-87,-8,-126,-132,-232,-152,-298,-297,-310,-301,-303,-265,-286,-175,-175,-183,-185,-186,-183,-150,-147,-100,-85,-87,-215,-191,-352,-249,-254,-248,-200,-140,-137,-79,-87,-87,-101,-71,-111,-96,-93,-95,-109,-84,-102,-3,-3,-3,-11,-18,-260,-216,-261,-251,-302,-310,-261,-257,-435,-252,-29981,-29983,-12845,-12845]} 1. e4 {RR} c5 2. Nc3 e6 3. Nge2 a6 4. g3 Nc6 5. Bg2 Nf6 6. O-O d6 7. d4 cxd4 8. Nxd4 Bd7 9. b3 {9.b3 is the modern continuation.} Be7 10. a4 O-O {B80: Sicilian Scheveningen: 6 g3 and 6 Be3, including English Attack.} 11. Ba3 Qc7 12. Nce2 {[%cal Bc3e2,Be2d4,Bd4c2,Bc2a3][%mdl 32]} Rac8 {The position is equal.} 13. c4 Rfd8 (13... e5 $5 {[%cal Re5d4]}) 14. Qd2 Be8 {[#]} 15. Rfe1 $146 (15. Bb2 {with more complications.} Bd7 16. Rfb1 Na5 17. Ba3 Nc6 18. Rc1) ({Predecessor:} 15. Rfd1 d5 {½-½ (15) Bieluczyk,B (2490)-Brzozka,S (2535) Poland 1986 Corr Nr. 1 [RR]}) 15... Bf8 (15... Nd7 $11) 16. Bb2 (16. Rab1 {keeps more tension.} Be7 17. Red1 Ng4 18. Bb2 Nf6 19. Qe1) 16... Nxd4 17. Nxd4 Nd7 18. h4 Nc5 19. Qc3 e5 20. Nc2 Qb6 21. Re3 a5 22. Na3 g6 23. Kh1 (23. Nb5 $14 {keeps the upper hand.}) 23... Bh6 $1 $17 24. f4 Ne6 (24... Qb4 $1 $17 25. Qxb4 axb4) 25. Rd3 (25. Nb5 $11 {remains equal.}) 25... Bg7 $1 26. fxe5 (26. Qc2 $17) 26... Bxe5 27. Qd2 (27. Qc2 $17 {was the only chance.}) 27... Nc5 $19 {[%csl LRb3,LRd3]} 28. Bxe5 dxe5 ({Not} 28... Nxd3 29. Bc3 Nf2+ 30. Kh2 Ng4+ 31. Kh3 Nf2+ 32. Kh2 Ng4+ 33. Kh3 $17) 29. Rxd8 Rxd8 ({Weaker is} 29... Qxd8 30. Qe3 $17) 30. Qf2 Nxa4 31. Qxb6 Nxb6 32. c5 Nd7 33. c6 bxc6 34. Nc4 Nc5 (34... Rb8 $142 35. Nxa5 Ra8) 35. Rxa5 $17 Nxb3 36. Rxe5 (36. Ra3 $17 Nd4 37. Nxe5) 36... Bd7 $19 37. Nd6 $2 (37. Kh2) 37... Be6 38. Nb7 Rd1+ 39. Kh2 Kg7 40. Nc5 Kf6 {Black is more active.} (40... Nd4 $142 $1 {And now ...Kf6 would win.} 41. Nxe6+ Nxe6) 41. Rxe6+ $17 fxe6 {[%cal Bf7e6,Be6e5][%mdl 32]} 42. Nxb3 Ke5 43. Nc5 Kd6 {[%mdl 1024] Black has strong compensation.} 44. Nb7+ Kc7 $1 45. Nc5 e5 $1 {White must now prevent ...Kb6.} 46. Bh3 Rc1 (46... Kd6 $1 $17 {[%cal Rd6c5]} 47. Nb7+ Ke7) 47. Nd3 $11 {[%csl LRc1,LRe5]} Rc2+ 48. Kg1 Kd6 49. Kf1 $2 {[#]} (49. Bf1 $11) 49... c5 $1 $19 {[%cal Bc6c5,Bc5c4,Bc4c3,Bc3c2][%mdl 32]} 50. Ne1 Ra2 51. Bg4 c4 {Strongly threatening ...Kc5.} 52. Bd1 {[#]} Rd2 53. Be2 (53. Ba4) 53... c3 {...c2 is the strong threat.} 54. Nd3 $2 (54. Bd3 $19) 54... c2 55. Ke1 {[#]} Rxd3 $1 {[%mdl 576] Promotion.  Weighted Error Value: White=0.62/Black=0.19 (very precise)} 0-1

[Event "22nd Mediterranean Flowers 2022"]
[Site "Rijeka"]
[Date "2022.03.09"]
[Round "5.3"]
[White "Kubicka, Anna"]
[Black "Medic, Mirjana"]
[Result "1-0"]
[WhiteElo "2266"]
[BlackElo "2207"]
[Annotator "TA"]
[PlyCount "53"]
[EventDate "2022.03.07"]
[EventType "tourn"]
[EventCountry "CRO"]
[SourceTitle "playchess.com"]
[Source "ChessBase"]
[SourceQuality "1"]

{[%evp 15,53,23,32,20,32,31,44,25,60,39,49,45,35,34,42,4,37,0,0,0,0,0,137,137,350,345,558,557,500,201,1010,973,29981,29982,7725,5718,29988,29987,29995,29996]} 1. e4 {ChessBase II} e6 2. d4 d5 3. Nd2 Nf6 4. e5 Nfd7 5. f4 c5 6. c3 Nc6 7. Ndf3 cxd4 8. cxd4 a5 9. Bd3 {C05: French Tarrasch: 3...Nf6 4 e5 Nfd7, 5 f4 and 5 Bd3 sidelines.} Nb6 10. Ne2 Bd7 {has lost popularity (10...a4).} 11. O-O {White is slightly better.} h5 12. Nc3 Nb4 {[#]} 13. Bb1 $146 ({Predecessor:} 13. Be2 g6 14. a3 Nc6 15. b3 Ne7 16. a4 Nf5 17. Nb5 Be7 18. g3 Bc6 19. Bd3 {½-½ (34) Bauer,A-Yakovlev,N ICCF corr 1990 Corr Nr. 1 [ChessBase II]}) 13... a4 14. Ng5 {f5 is the strong threat.} g6 {Inhibits f5.} 15. g4 Be7 16. a3 Nc6 17. Qd3 $36 {[%cal Og5f7][%mdl 2048] Strongly threatening Nxf7! Black is under pressure.} Bxg5 (17... hxg4 $2 18. Nxf7 $1 {[%mdl 512]} Qc8 19. Nxh8 $18) 18. fxg5 {And now gxh5 would win.} Nc4 {[#]} (18... hxg4 $11 {remains equal.} 19. Qxg6 fxg6 20. Bxg6+ Ke7 21. Rf7+ Ke8 22. Rf1+ (22. Rh7+ Kf8 $11) 22... Ke7 23. Rf7+ Ke8 24. Rf1+ (24. Rh7+ Kf8 $11) 24... Ke7) 19. Qxg6 $1 $16 {[%csl Gf1][%cal Rg6f7]} Qe7 {This costs Black the game.} (19... Rf8 $16 20. Qf6 (20. Qxh5 Qb6 $11) 20... Qxf6 21. exf6 (21. Rxf6 Nxd4 22. gxh5 Nxe5 $11) 21... Nxd4) 20. Qg7 $18 O-O-O $2 (20... Rf8 {was necessary.} 21. g6 (21. gxh5 Nxd4 22. g6 O-O-O $16) 21... O-O-O 22. Rxf7 (22. gxf7 Nxd4 23. Bg5 Qc5 $18) 22... Rxf7 23. gxf7 Nxd4) 21. Rxf7 Qe8 22. Bd3 (22. Ne2 $142) 22... N4xe5 $2 (22... Nxd4 23. Ne2 Nb3) 23. dxe5 Nxe5 {[#]} 24. Qxe5 $1 Qxf7 25. Bf4 {[%csl Gf4][%cal Re5c7]} Bc6 26. Nb5 Kd7 27. Qd6+ {Weighted Error Value: White=0.30/Black=1.02} 1-0

[Event "22nd Mediterranean Flowers 2022"]
[Site "Rijeka"]
[Date "2022.03.09"]
[Round "5.4"]
[White "Drljevic, Ljilja"]
[Black "Vujnovic, Patricija"]
[Result "1-0"]
[WhiteElo "2217"]
[BlackElo "2140"]
[Annotator "TA"]
[PlyCount "113"]
[EventDate "2022.03.07"]
[EventType "tourn"]
[EventCountry "CRO"]
[SourceTitle "playchess.com"]
[Source "ChessBase"]
[SourceQuality "1"]

{[%evp 14,113,-5,-4,5,4,11,12,1,-10,0,-25,-22,-33,-14,-23,-9,-6,-16,-16,-10,-7,18,0,22,-50,4,0,14,-62,0,0,14,18,62,47,85,40,31,0,66,0,125,120,112,126,110,112,139,131,136,133,168,142,179,48,48,0,0,-43,-43,-62,-67,-68,0,0,0,0,10,0,0,0,0,0,16,2,23,23,129,10,38,0,16,0,274,218,502,502,12825,12832,12831,12835,12833,502,502,502,12835,12835,12836,12836,12844,12845]} 1. Nf3 c5 2. e4 Nc6 3. d3 g6 4. g3 d6 5. Bg2 Bg7 6. O-O Nf6 7. c3 O-O 8. Re1 Nd7 {A05: Réti Opening: 1 Nf3 Nf6.} 9. Na3 Rb8 10. Nc2 b5 {[#] The position is equal.} 11. a3 $146 ({Predecessor:} 11. d4 b4 12. d5 Nce5 13. Nxe5 Nxe5 14. cxb4 cxb4 15. b3 a5 16. Be3 Ba6 17. Bf1 {0-1 (70) Sattarov,B (2054)-Begmuratov,A (2117) Tashkent 2011}) 11... Nb6 12. Ne3 a5 13. d4 cxd4 14. cxd4 a4 15. Bf1 Na5 16. Bxb5 Nb3 17. Rb1 Bd7 (17... Bb7 $5 {[%cal Rb7e4]}) 18. Be2 Qc7 19. Nc2 (19. Bd2 $11) 19... Qb7 (19... f5 $15) 20. Bf1 Rfc8 21. Bg2 ({White should try} 21. Nb4 $11) 21... Nxc1 (21... Nc4 $15) 22. Rxc1 $11 Nc4 (22... Bg4 $5 {[%cal Rb6c4]}) 23. Nb4 Bb5 (23... Bg4 $11) 24. Rc2 e6 25. h4 ({White should play} 25. Bf1 $16) 25... Na5 $14 26. Re3 Bc4 (26... Rxc2 $11 27. Qxc2 Nc6) 27. Nd2 (27. Qe1 $14) 27... Qd7 (27... Bxd4 $11 {remains equal.} 28. Nxc4 Rxc4 29. Rxc4 Bxe3) 28. Nxc4 $16 Rxc4 29. Rxc4 Nxc4 30. Rc3 Rc8 31. Qc2 Nb6 32. Nc6 Kf8 33. Bf1 Qb7 34. Na5 (34. Bb5 $18) 34... Rxc3 $14 35. Qxc3 (35. Nxb7 $2 {loses.} Rxc2 36. e5 dxe5 $19) (35. bxc3 $14 {is superior.} Qc7 36. Qb2) 35... Qxe4 $11 36. Qc7 (36. Nc6 $1 $11) 36... Bxd4 $15 {[#] Threatens to win with ...Qe5.} 37. Qxd6+ ({But not} 37. Nc6 $2 Bc5 38. h5 Qg4 $19) 37... Kg7 38. Nc6 Nd5 ({Much worse is} 38... Bxb2 39. Nd8 Bd4 40. Nxe6+ fxe6 41. Qe7+ Kg8 42. Qe8+ Kg7 43. Qe7+ Kh6 44. Qg5+ Kg7 45. Qe7+ $11) (38... Bf6 $1 $15) 39. Nxd4 $11 Qxd4 40. Qd7 Qe4 41. Qb5 Qd4 42. b3 axb3 43. Qxb3 Nf6 44. Qc4 Qa1 45. a4 {[%cal Ba3a4,Ba4a5][%mdl 32]} e5 {[#]} (45... h5 $11 {keeps the balance.}) 46. Kg2 (46. Qb4 $1 $16) 46... e4 47. Be2 (47. h5 $5) 47... h5 48. Qb5 Qa3 $2 {[%mdl 8192]} (48... Qc3 $11 {and Black stays safe.}) 49. a5 $18 {And now a6 would win.} Qc3 $2 (49... Qa1 50. a6 e3) 50. a6 {a7 is the strong threat. White is clearly winning.} Ng4 (50... Qd4 $142 51. Qa5 Nd7) 51. a7 Qd4 52. Bxg4 Qxa7 53. Qb2+ (53. Bd1 $142 Qa1 54. Bb3) 53... Kh7 54. Be2 Qe7 (54... e3 $142 55. Bc4 Qe7) 55. Qd4 Qe6 56. Bc4 Qg4 57. Qf6 {Weighted Error Value: White=0.39/Black=0.45} 1-0

[Event "22nd Mediterranean Flowers 2022"]
[Site "Rijeka"]
[Date "2022.03.09"]
[Round "5.5"]
[White "Zimina, Olga"]
[Black "Toncheva, Nadya"]
[Result "1/2-1/2"]
[WhiteElo "2340"]
[BlackElo "2207"]
[Annotator "TA"]
[PlyCount "110"]
[EventDate "2022.03.07"]
[EventType "tourn"]
[EventCountry "CRO"]
[SourceTitle "playchess.com"]
[Source "ChessBase"]
[SourceQuality "1"]

{[%evp 10,110,54,44,52,37,93,75,86,-51,-12,-15,128,-10,150,149,141,160,125,133,281,201,338,243,245,250,264,249,347,329,308,326,311,83,91,104,101,0,0,0,0,0,0,0,0,0,0,0,0,0,0,0,0,0,0,0,0,0,0,0,0,0,0,0,0,0,0,0,0,0,0,0,0,-4,0,0,0,0,0,0,0,0,0,0,0,0,0,0,0,0,0,0,0,0,0,0,0,0,0,0,0,0,2]} 1. d4 d5 2. Nf3 Nf6 3. g3 c5 4. Bg2 Nc6 5. O-O Bf5 6. c4 dxc4 {[%cal Rc5d4] D02: 1 d4 d5 2 Nf3 sidelines, including 2...Nf6 3 g3 and 2...Nf6 3 Bf4.} 7. Ne5 Nxd4 (7... Rc8 $14) 8. Bxb7 $16 {Hoping for e3.} Rb8 {[#] White is better.} 9. Ba6 $146 (9. Bc6+ $16 Bd7 10. Bg2 (10. Nxd7 Nxd7 11. Ba4 g5 $16)) ({Predecessor:} 9. Bc6+ Nxc6 10. Nxc6 Qxd1 11. Rxd1 Rc8 12. Nxa7 Rc7 13. Nb5 Rd7 14. N1c3 Rxd1+ 15. Nxd1 {1-0 (73) Martin Sanchez,C (2427)-Timko,V (2416) ICCF email 2013}) 9... Bc2 (9... Qd5 10. Bxc4 $1 Qxe5 11. Bf4 $16) 10. Bxc4 {[%csl Ge5][%cal Rc4f7]} Qc7 (10... e6 $11 11. Qd2 Ne4) 11. Qe1 (11. Bxf7+ $16 Kd8 12. Qd2) 11... Qxe5 $2 (11... e6 $1 $11) 12. Bf4 Nf3+ 13. exf3 Qxe1 14. Rxe1 Rxb2 (14... Rb4 $16) 15. Nc3 Rb6 (15... Nd7 {keeps fighting.} 16. Re2 Rb4) 16. Nb5 e6 {[#]} 17. a4 $1 {[%cal Ba2a4,Ba4a5][%mdl 1056] White has strong compensation.} (17. Nxa7 Ba4 $16) 17... Be7 18. Re2 (18. Nxa7 $6 Nd7 19. Nb5 g5 $18) 18... Bf5 19. g4 ({Don't play} 19. Nxa7 Rb4 $18) 19... Bg6 20. a5 Rb7 21. Nd6+ $2 (21. a6 $18 {is the precise move to win.} Rd7 22. Nc7+ Kd8 23. Rb2 (23. Nb5 Nd5 $14)) 21... Bxd6 22. Bxd6 Rb4 23. Rc1 {White is much more active. Black has bad knights.} (23. Ba2 $16) 23... Rxc4 $1 $11 {The position is equal.} 24. Rxc4 {Rb2 is the strong threat.} Bd3 $36 {[%csl LRc4,LRe2][%mdl 2048] Black fights for an advantage.} 25. Rec2 Bxc4 26. Rxc4 {[%mdl 4096] Endgame KRB-KRN} Kd7 27. Bxc5 a6 28. Bd4 Rb8 29. g5 Rb1+ 30. Kg2 Ne8 31. Bb6 Rb5 32. f4 Rd5 33. h4 g6 34. Kf3 Rd6 35. Kg4 Rc6 36. Rd4+ Nd6 37. h5 Rc4 38. Rd1 e5 39. hxg6 hxg6 40. Be3 Ke6 {To avoid Rd5} 41. Kf3 e4+ 42. Kg4 Ra4 43. Bb6 Nb7 44. Bc7 Rc4 45. Bb6 Nd6 46. Be3 Rc2 47. Rb1 {aiming for Rb6.} Ra2 48. Bb6 Nc4 49. Re1 Kd5 50. Rd1+ Rd2 51. Rb1 Rb2 52. Rd1+ Ke6 53. Rd4 {[%csl LRc4,LRe4]} Nxb6 54. axb6 Rxb6 55. Rxe4+ Kd7 {Black defended with fortune.  Weighted Error Value: White=0.27 (precise) /Black=0.20 (precise)} 1/2-1/2

[Event "22nd Mediterranean Flowers 2022"]
[Site "Rijeka"]
[Date "2022.03.10"]
[Round "6.1"]
[White "Kejzar, Petra"]
[Black "Toncheva, Nadya"]
[Result "0-1"]
[WhiteElo "2031"]
[BlackElo "2207"]
[Annotator "TA"]
[PlyCount "86"]
[EventDate "2022.03.07"]
[EventType "tourn"]
[EventCountry "CRO"]
[SourceTitle "playchess.com"]
[Source "ChessBase"]
[SourceQuality "1"]

{[%evp 10,86,8,-37,-27,-31,38,35,45,0,33,39,31,-45,-40,-37,-27,-74,-70,-112,-81,-73,0,-36,-28,-41,-47,-33,0,0,0,-178,-183,-168,-99,-183,-189,-381,-398,-403,-254,-469,-490,-466,-480,-463,-345,-920,-310,-488,-485,-490,-384,-396,-389,-439,-429,-567,-575,-579,-583,-610,-601,-560,-560,-557,-524,-545,-422,-550,-499,-769,-774,-744,-770,-1029,-1031,-1065,-1023]} 1. b3 e5 2. Bb2 Nc6 3. e3 d5 4. Bb5 Bd6 5. Nf3 Qe7 6. d4 (6. c4 $11 {might be stronger.}) 6... e4 $15 {A01: Nimzowitsch-Larsen Opening.} 7. Ne5 Bxe5 ({Better is} 7... Qg5 $1 $15 8. Kf1 (8. Nxc6 Qxg2 9. Nxa7+ c6 $17) 8... Nge7) 8. dxe5 $14 Be6 {White is slightly better.} 9. Nd2 {[#]} (9. Bxc6+ $14 bxc6 10. O-O) 9... a6 $146 ({Predecessor:} 9... Qg5 10. Bxc6+ bxc6 11. Qe2 Ne7 12. f4 Qg6 13. h3 Nf5 14. Nf1 Nh4 15. g4 Nf3+ {½-½ (47) Barbier,A (1775)-Wuytens,R (1653) Blankenberge 2014}) 10. Bxc6+ bxc6 11. c4 ({White should try} 11. O-O $14) 11... Qg5 $1 $15 12. Qc2 {aiming for cxd5.} Ne7 13. O-O-O (13. Ba3 $11) 13... O-O $1 $17 ({Don't play} 13... Qxg2 14. Ba3 $11) 14. h4 (14. Rdg1 $15) 14... Qh5 15. Rdg1 Ng6 {Black is more active.} (15... Qe2 $17 16. Rf1 a5) 16. g4 (16. Nf1 $5 {[%cal Rg2g4]}) 16... Bxg4 17. cxd5 cxd5 {[%cal Oc7c5]} 18. Nf1 Rfe8 19. Ng3 Qh6 20. e6 (20. Nxe4 $11 {and White stays safe.} Bf3 21. Ng3) 20... Rxe6 $19 21. Kb1 c6 ({Don't do} 21... Nxh4 22. Nf5 $1 Bxf5 23. Bxg7 Qxg7 24. Rxg7+ Kxg7 25. Rxh4 $14) (21... Ne5 $1 $19 22. Qxc7 Nd3) 22. h5 {[#]} (22. Nf1 $17 Bf3 23. Ng3) 22... Ne5 $1 23. f4 $2 (23. Nf1 Bf3 24. Rh3) 23... exf3 24. Nf1 f2 25. Rg3 (25. Qxf2 f5 26. Nh2) 25... Bf3 26. Rxf3 Nxf3 27. Qxf2 Ng5 28. Rg1 $2 (28. Ng3 Ne4 29. Nxe4 dxe4 30. Rg1) 28... f6 $2 (28... Nh3 29. Bxg7 Qxh5 30. Bd4+ Nxg1 31. Qxg1+ Qg6+ 32. Qxg6+ fxg6) 29. Qe2 (29. Ng3 $142) 29... Rae8 30. Bd4 g6 31. hxg6 hxg6 32. Ng3 Qh4 {[%cal Oh4d4] Black is clearly winning.} 33. Qc2 Kf7 {Hoping for ...Nf3.} 34. Ne2 Qe4 35. Nf4 Qxc2+ 36. Kxc2 Re4 {And now ...Nf3 would win.} 37. Rf1 f5 {[%cal Oc6c5] ...c5! is the strong threat.} 38. Nd3 R4e7 39. Nf4 Ne6 40. Nd3 (40. Nxe6 $142 Kxe6 41. Rh1) 40... Nxd4+ 41. exd4 Re2+ 42. Kc3 R8e3 43. a4 Rh2 {Weighted Error Value: White=0.63/Black=0.34} 0-1

[Event "22nd Mediterranean Flowers 2022"]
[Site "Rijeka"]
[Date "2022.03.10"]
[Round "6.2"]
[White "Vujnovic, Patricija"]
[Black "Zimina, Olga"]
[Result "0-1"]
[WhiteElo "2140"]
[BlackElo "2340"]
[Annotator "TA"]
[PlyCount "174"]
[EventDate "2022.03.07"]
[EventType "tourn"]
[EventCountry "CRO"]
[SourceTitle "playchess.com"]
[Source "ChessBase"]
[SourceQuality "1"]

{[%evp 9,174,0,0,6,15,-15,-14,-8,-10,0,4,0,11,7,0,-13,-13,-10,-4,-19,-10,0,0,0,30,8,66,58,42,0,61,53,51,29,40,37,51,40,50,53,61,65,65,60,119,97,93,73,110,72,136,80,125,74,93,0,0,0,0,-48,-55,-64,-36,-179,-193,-285,-280,-297,-283,-285,-30,-27,-34,-635,0,0,0,-364,-363,-335,-380,-380,-380,-380,-380,-380,-372,-365,-351,-301,-301,-301,-8,-8,-8,-8,-8,-8,0,0,0,0,0,0,0,0,0,0,11,0,0,-8,-8,-8,-8,-8,-8,-28,-18,-76,-76,-76,-76,-76,-76,-76,-76,-76,-76,-76,-76,-76,-76,-77,-77,-77,-77,-77,-77,-77,-77,-77,-77,-77,-77,-77,-77,-77,-77,-77,-77,-77,-74,-77,-77,-77,-77,-77,-77,-77,-77,-77,-77,-29993,-29994,-29994,-29995]} 1. e4 c6 2. d4 d5 3. e5 c5 4. dxc5 e6 5. a3 Bxc5 6. b4 {B12: Caro-Kann: Advance Variation.} Be7 7. Bb2 a5 8. b5 {The position is equal.} Nd7 9. Nd2 {[#]} b6 $146 ({Predecessor:} 9... Nh6 10. Ngf3 O-O 11. Bd3 f6 12. O-O Nf7 13. exf6 Bxf6 14. Bxf6 Qxf6 15. c4 Nc5 {1-0 (35) Maghsoodloo,P (2701)-Samunenkov,I (2371) Chess.com INT 2022}) 10. Ngf3 Bb7 11. a4 Nh6 12. Be2 O-O 13. O-O Rc8 14. Rc1 Qc7 15. Nb3 Rfd8 {[%cal Od5d4]} 16. Bd3 ({Reject} 16. c4 Nc5 17. Nxc5 Bxc5 18. cxd5 Rxd5 $15) 16... Nc5 17. Nxc5 bxc5 (17... Bxc5 $11 18. Qe2 Re8) 18. c3 $1 $14 f5 19. Re1 (19. exf6 $14 Bxf6 20. Qc2) 19... Rd7 (19... g5 $11) 20. Qe2 Qd8 21. Bb1 Qe8 22. Rcd1 Bd8 23. Bc1 Qh5 24. h3 (24. Nd2 {keeps more tension.} Qg6 25. h3 Bb6 26. Kh2 Kh8 27. f4) 24... Nf7 {[#]} 25. Nd4 $1 Qxe2 26. Nxe2 g5 {Prevents Nf4.} (26... Re7 $14) 27. f4 Bc7 28. Ng3 {[%cal Ob1f5]} Rdd8 29. Nh5 h6 (29... gxf4 $142 30. Bxf4 c4) 30. Kh2 (30. g3 $142) 30... Kh8 (30... gxf4 $142 31. Bxf4 Ng5) 31. Rd3 ({Better is} 31. h4) 31... d4 32. Nf6 {To avoid Be4} (32. Ba2 $16 Bd5 33. Bxd5 Rxd5 34. Nf6) 32... gxf4 $11 33. Bxf4 {And now cxd4 would win.} dxc3 34. Rd7 (34. Rxc3 $11 Rd4 35. Bg3) 34... Rxd7 $15 35. Nxd7 Rg8 36. g3 (36. Re2 $15) 36... Ng5 $1 $19 37. Bxg5 (37. Rc1 {was necessary.} Nf3+ 38. Kg2) 37... hxg5 ({Stronger than} 37... Rxg5 38. b6 Rg7 39. Rd1 $11) 38. Nxc5 Bd5 39. Bc2 Bb6 $2 (39... Rd8 $19 {White must now prevent ...Bb6.} 40. Re3 f4) 40. Nd7 $11 Bf2 {This bishop pair is nice.} 41. Rb1 {[%mdl 8192]} (41. Rf1 $15 Ba7 42. Nf6) 41... g4 $2 (41... Rd8 $19 42. Rf1 Be3) 42. Nf6 {Threatens to win with Rf1.} f4 {[%csl Gf2][%cal Bf5f4,Bf4g3][%mdl 32]} 43. Nxd5 $2 {[%mdl 8192]} (43. hxg4 $11 {and White has nothing to worry.} fxg3+ 44. Kh3) 43... fxg3+ $19 44. Kg2 gxh3+ 45. Kxh3 g2 46. Nxc3 Rg3+ 47. Kh2 {Ne2 is the strong threat.} Rxc3 48. Kxg2 Rxc2 {[%mdl 4096] Endgame KRB-KR} 49. Kf3 Bd4 50. b6 Bxe5 $2 ({Black should try} 50... Bb2 $1 $19 {aiming for ...Kg7.} 51. Ke3 Kg7 52. Rg1+ Kf7) 51. Rb5 $11 {[%csl LRa5,LRe5]} Bb8 {Hoping for ...Rc6.} 52. Rxa5 Rb2 53. Ra6 (53. Rb5 Rxb5 54. axb5 Kg7 55. Kf2 Kf6 56. Kg2 Ke5 57. Kg3 Kd4+ 58. Kf3 Kd3 59. Kg4 e5 60. Kh4 e4 61. Kg5 e3 62. Kh5 e2 63. Kg6 e1=Q 64. Kf6 Qe5+ 65. Kg6 Qe6+ 66. Kh5 Bf4 67. b7 Qh6+ 68. Kg4 Qg5+ 69. Kh3 Qg3#) 53... Rb3+ 54. Ke4 Rb4+ 55. Kd3 Kg7 56. Kc3 Rb1 57. Kc2 Rb4 58. Kc3 Rh4 59. Ra8 {[%mdl 1024] White has compensation.} Be5+ 60. Kd3 (60. Kb3 $5 {[%cal Ra4a5]}) 60... Rd4+ 61. Kc2 Rb4 {Strongly threatening ...Rb2+.} 62. a5 Bd4 63. Kd3 {[%cal Ob6b7]} e5 64. Ke4 (64. Kd2 $1 $11 {keeps the balance.}) 64... Bxb6+ $1 $17 65. Kxe5 {[#]} Rb5+ $1 66. Ke4 Bxa5 67. Ra6 Bb6 68. Ra4 Kf6 69. Rc4 Re5+ 70. Kf4 Be3+ 71. Kf3 Kf5 {To avoid Re4} 72. Rc8 Bh6 73. Rc3 Bf4 74. Rb3 Re4 75. Rb5+ Be5 76. Rb7 Ra4 77. Rb3 Rh4 78. Rb5 Rh3+ 79. Kg2 Rg3+ 80. Kf2 {[%cal Ob5e5]} Ra3 81. Kg2 Ke4 82. Rb4+ Ke3 83. Rb7 Ra2+ 84. Kh3 Kf3 {[%csl Ge5][%cal Ra2h2]} 85. Rb3+ Kf4 {( -> ...Kg5)} 86. Rb7 $2 {[%mdl 8192] [#]} (86. Rg3 $17) 86... Kg5 $1 {[%csl Ge5][%cal Ra2h2]} 87. Rb2 Bxb2 {Weighted Error Value: White=0.42/Black=0.34} 0-1

[Event "22nd Mediterranean Flowers 2022"]
[Site "Rijeka"]
[Date "2022.03.10"]
[Round "6.3"]
[White "Medic, Mirjana"]
[Black "Drljevic, Ljilja"]
[Result "1/2-1/2"]
[WhiteElo "2207"]
[BlackElo "2217"]
[Annotator "TA"]
[PlyCount "19"]
[EventDate "2022.03.07"]
[EventType "tourn"]
[EventCountry "CRO"]
[SourceTitle "playchess.com"]
[Source "ChessBase"]
[SourceQuality "1"]

{[%evp 9,19,12,38,0,0,13,5,4,2,-22,0,-6]} 1. d4 d6 2. Nf3 c5 3. e3 Nf6 4. c4 g6 5. Nc3 Bg7 (5... cxd4 {is interesting.} 6. exd4 Bg7 7. h3 d5 8. cxd5 Nxd5 9. Bc4 Nb6) 6. dxc5 {A46: 1 d4 Nf6 2 Nf3 e6: Torre, London and Colle Systems.} dxc5 {The position is equal.} 7. Qxd8+ Kxd8 8. Bd2 Nc6 9. O-O-O {[#]} h6 $146 ({Predecessor:} 9... b6 10. Ng5 Rf8 11. g3 Bg4 12. Bg2 Bxd1 13. Rxd1 Rc8 14. Nb5 a6 15. Ba5+ Ke8 16. Bxb6 Nd7 17. Nc7+ Rxc7 18. Bxc7 Nce5 19. f4 Nxc4 20. Bc6 Bxb2+ 21. Kb1 {1-0 (21) Indjic,A (2618)-Predojevic,B (2601) Chess.com INT 2020}) 10. Bd3 {Not much happened in this game.  Weighted Error Value: White=0.16 (very precise) /Black=0.15 (very precise)} 1/2-1/2